State Quiz - São Paulo - Statistics

General Stats
  • This quiz has been taken 107 times
    4 since last reset
  • The average score is 15 of 20
Answer Stats
Hint Answer % Correct
Number of stripes on São Paulo's flag 13
100%
São Paulo uses this word for "cookie", unlike Rio de Janeiro which uses "biscoito" Bolacha
100%
Motor circuit where the São Paulo Grand Prix takes place Interlagos
100%
Suburban city where Brazil's busiest airport is located Guarulhos
100%
Pedra da Mina, the 4th highest point in Brazil, is shared by São Paulo and this other state Minas Gerais
100%
A person from the state of São Paulo is called a... Paulista
100%
"São Paulo" in English Saint Paul
100%
Largest port city Santos
100%
Longest river entirely in São Paulo Tietê River
100%
Famous latitude line that passes through the capital of São Paulo Tropic of {Capricorn}
100%
Third largest city in São Paulo Campinas
67%
Crop that caused rapid growth in the late 19th century Coffee
67%
"Beautiful Island" archipelago Ilhabela
67%
Small brook where Dom Pedro I proclaimed Brazil's independence Ipiranga
67%
São Paulo has the largest concentration of this Asian ethnicity outside of the original country, with 828,000 people in 1988 Japanese
67%
Crop that currently makes up half of all agricultural production Sugarcane
67%
...which drains into this river on the northwestern border Paraná River
33%
City whose name means "Black Stream" Ribeirão Preto
33%
First permanent Portuguese settlement in Brazil São Vicente
33%
B3 is the biggest _____ ________ in all of Latin America by market cap Stock Exchange
33%
No matching quizzes found
Score Distribution
Percent of People with Each Score
Percentile by Number Answered
Your Score History
You have not taken this quiz since the last reset